书目信息 |
| 题名: |
英语词汇教学方法与策略
|
|
| 作者: | 刘然 著 | |
| 分册: | ||
| 出版信息: | 北京 九州出版社 2018.08 |
|
| 页数: | 183页 | |
| 开本: | 24cm | |
| 丛书名: | ||
| 单 册: | ||
| 中图分类: | H319.34 | |
| 科图分类: | ||
| 主题词: | 英语--ying yu--词汇--教学研究 | |
| 电子资源: | ||
| ISBN: | 978-7-5108-7226-6 | |
| 000 | 00796nam0 2200241 450 | |
| 001 | 202019134007 | |
| 005 | 20191002113833.0 | |
| 010 | @a978-7-5108-7226-6@dCNY49.00 | |
| 100 | @a20190928d2018 em y0chiy50 ea | |
| 101 | 0 | @achi |
| 102 | @aCN@b110000 | |
| 105 | @ay a 000yy | |
| 106 | @ar | |
| 200 | 1 | @a英语词汇教学方法与策略@Aying yu ci hui jiao xue fang fa yu ce lue@f刘然著 |
| 210 | @a北京@c九州出版社@d2018.08 | |
| 215 | @a183页@d24cm | |
| 320 | @a有书目 (第182-183页) | |
| 330 | @a本书专门针对英语词汇学习问题进行了详细研究, 从各个方面提出了一些新的词汇教学方法和策略, 力图推进中国英语词汇教学改革的实现。 | |
| 606 | 0 | @a英语@Aying yu@x词汇@x教学研究 |
| 690 | @aH319.34@v5 | |
| 701 | 0 | @a刘然@Aliu ran@4著 |
| 801 | 0 | @aCN@c20190905 |
| 905 | @a河南城建学院图书馆@dH319.34@eL665 | |
| 英语词汇教学方法与策略/刘然著.-北京:九州出版社,2018.08 |
| 183页;24cm |
| ISBN 978-7-5108-7226-6:CNY49.00 |
| 本书专门针对英语词汇学习问题进行了详细研究, 从各个方面提出了一些新的词汇教学方法和策略, 力图推进中国英语词汇教学改革的实现。 |
| ● |
| 相关链接 |
|
|
|
正题名:英语词汇教学方法与策略
索取号:H319.34/L665
 
预约/预借
| 序号 | 登录号 | 条形码 | 馆藏地/架位号 | 状态 | 备注 |
| 1 | 1441651 | 214416513 | 语言库209/209语言库 12排2列6层/ [索取号:H319.34/L665] | 在馆 | |
| 2 | 1441652 | 214416522 | 语言库209/209语言库 12排2列6层/ [索取号:H319.34/L665] | 在馆 |